| 000 | 01125nam a22002537a 4500 | ||
|---|---|---|---|
| 005 | 20170124102938.0 | ||
| 010 | _aA-829708 | ||
| 020 | _c165.00 | ||
| 035 | _aA-829708 | ||
| 037 | _bCen Lib/Ret | ||
| 040 |
_aDPL _bHN |
||
| 082 |
_a827 _bजोशीश |
||
| 100 |
_aजोशी, शरद _947378 |
||
| 245 |
_aयथासंभव : _cशरद जोशी _bचुने हुए 100 व्यंग खेल / |
||
| 246 |
_aYathasambhav : chune hue 100 vyang khel / _bby Sharad Joshi |
||
| 260 |
_aनई दिल्ली _bभारतीय ज्ञानपीठ प्रकाशन _c2001 |
||
| 270 |
_bनई दिल्ली _aइन्स्तितुतिओनल एरिया, लोधी रोड _e110003 |
||
| 300 |
_a423पृ. _c20सेमी(सजिल्द) |
||
| 650 |
_aहिन्दी साहित्य _947379 |
||
| 650 |
_aहिन्दी साहित्य -- कहानियां _947380 |
||
| 650 |
_aHindi literature _947381 |
||
| 650 |
_aHindi literature -- Stories _947382 |
||
| 942 |
_2ddc _cHN _h827 _mजोशीश |
||
| 999 |
_c112424 _d112424 |
||